| 000 | 01165nam a2200229 a 4500 | ||
|---|---|---|---|
| 001 | 13275558 | ||
| 008 | 180917s2003 ||||||||||||||||| || u | ||
| 010 | _a2003015938 | ||
| 020 | _a0816908990 (Hardcover) | ||
| 050 | _aTP 155.5 Gui | ||
| 110 | _aAmerican Institute of Chemical Engineers. Center for Chemical Process Safety | ||
| 245 | 1 | 0 |
_aGuidelines for facility siting and layout _cThe Center for Chemical Process Safety |
| 260 |
_aNew York: _bCenter for Chemical Process Safety of the American Institute of Chemical Engineers _c2003 |
||
| 300 | _axii, 198p.: ill. | ||
| 500 | _aIncludes bibliographical references (p. 179-182) and index | ||
| 650 | 0 | _aCHEMICAL PLANTS--LOCATION--STANDARDS--UNITED STATES | |
| 650 | 0 | _aPLANT LAYOUT STANDARDS--UNITED STATES | |
| 650 | 0 | _aCHEMICAL PLANTS--SAFETY MEASURES--STANDARS--UNITED STATES | |
| 856 | _uhttp://www.loc.gov/catdir/enhancements/fy0614/2003015938-t.html | ||
| 856 | _uhttp://www.loc.gov/catdir/enhancements/fy0614/2003015938-d.html | ||
| 995 |
_FCBU-MAIN LIBRARY (Kitwe) _I44.02 _M1 _UAVAILABLE _WSep 27, 2018 _ZMain Library Open Access Collection |
||
| 999 |
_c45168 _d45168 |
||